[Event "GRE-ch U20 Girls"]
[Site "Trikala"]
[Date "2023.04.21"]
[Round "5"]
[White "Kalamoukou, Giolanta"]
[Black "Tsapaki, Asimenia"]
[Result "1/2-1/2"]
[WhiteElo "1586"]
[BlackElo "1584"]
[PlyCount "104"]
[EventDate "2023.04.18"]
[EventType "swiss"]
[EventRounds "9"]
[EventCountry "GRE"]
[SourceTitle "EXT 2024"]
[Source "ChessBase"]
[SourceDate "2023.10.10"]
[SourceVersion "1"]
[SourceVersionDate "2023.10.10"]
[SourceQuality "1"]

1. d4 Nf6 2. c4 e6 3. Nf3 Bb4+ 4. Bd2 Qe7 5. g3 Nc6 6. Bg2 Bxd2+ 7. Nbxd2 d6 8. 0-0 0-0 9. e4 e5 10. d5 Nb8 11. b4 c6 12. dxc6 bxc6 13. Qc2 Nbd7 14. Rfe1 Bb7 15. Nb3 c5 16. b5 Rfd8 17. Nfd2 Nf8 18. Qc3 Ne6 19. a4 Nd7 20. a5 Nd4 21. a6 Bc8 22. Na5 Nf8 23. Nf1 Qf6 24. Ne3 Nf3+ 25. Bxf3 Qxf3 26. Nd5 Qxc3 27. Nxc3 Be6 28. Red1 Rd7 29. Nd5 f6 30. Ne3 Kf7 31. Rd2 Ke7 32. Rad1 Bf7 33. Nc6+ Ke8 34. Rxd6 Rxd6 35. Rxd6 Ne6 36. Nd5 Kf8 37. Rd7 Be8 38. Rb7 Bxc6 39. bxc6 Nd4 40. c7 Nc6 41. Nb6 axb6 42. a7 Rc8 43. a8Q Rxa8 44. Rxb6 Ra1+ 45. Kg2 Ne7 46. Rb8+ Kf7 47. c8Q Nxc8 48. Rxc8 Ra5 49. h4 Kg6 50. Rc7 h5 51. Kh3 Ra2 52. Kg2 Ra5 1/2-1/2

[Event "GRE-ch U20 Girls"]
[Site "Trikala"]
[Date "2023.04.19"]
[Round "3"]
[White "Kalamoukou, Giolanta"]
[Black "Tsekoura, Vaia"]
[Result "0-1"]
[WhiteElo "1586"]
[BlackElo "1690"]
[PlyCount "64"]
[EventDate "2023.04.18"]
[EventType "swiss"]
[EventRounds "9"]
[EventCountry "GRE"]
[SourceTitle "EXT 2024"]
[Source "ChessBase"]
[SourceDate "2023.10.10"]
[SourceVersion "1"]
[SourceVersionDate "2023.10.10"]
[SourceQuality "1"]

1. d4 Nf6 2. c4 e6 3. Nc3 Bb4 4. e3 0-0 5. Bd3 d5 6. Nf3 c5 7. 0-0 dxc4 8. Bxc4 Nbd7 9. a3 Bxc3 10. bxc3 a6 11. a4 b6 12. Ba3 Qc7 13. Nd2 Bb7 14. Qe2 e5 15. Rfc1 Rfe8 16. Bb2 Nf8 17. f3 Ne6 18. Qf2 Rad8 19. Nb3 Bd5 20. Bxd5 Nxd5 21. dxe5 c4 22. Nd2 Nc5 23. Qh4 Nd3 24. Rcb1 Nxe3 25. Ne4 Qxe5 26. Bc1 Nd5 27. Bd2 f5 28. Ng5 h6 29. Qxc4 Qe2 30. Nh3 Qxd2 31. Rd1 Qe3+ 32. Kh1 Nb2 0-1

[Event "GRE-chT U16 14th"]
[Site "Rio Achaia"]
[Date "2022.12.16"]
[Round "3"]
[White "Christodoulou, Georgia"]
[Black "Kalamoukou, Giolanta"]
[Result "1/2-1/2"]
[WhiteElo "1682"]
[BlackElo "1661"]
[PlyCount "78"]
[EventDate "2022.12.15"]
[EventType "team-swiss"]
[EventRounds "6"]
[EventCountry "GRE"]
[SourceTitle "EXT 2024"]
[Source "ChessBase"]
[SourceDate "2023.10.10"]
[SourceVersion "1"]
[SourceVersionDate "2023.10.10"]
[SourceQuality "1"]

1. Nf3 d5 2. g3 Nc6 3. d4 Bf5 4. a3 e6 5. Bg2 Be7 6. 0-0 Nf6 7. c4 0-0 8. cxd5 exd5 9. Nc3 Na5 10. b4 Nc4 11. Ne5 Nb6 12. Bb2 c6 13. Qb3 Nfd7 14. Nxd7 Qxd7 15. Rad1 Qe6 16. e4 dxe4 17. Qxe6 Bxe6 18. Bxe4 Rfd8 19. Rfe1 Bf6 20. Ne2 Nc4 21. Bc1 Nd6 22. Bc2 Nb5 23. Bb2 Bg4 24. a4 Bxe2 25. Rxe2 Nxd4 26. Bxd4 Rxd4 27. Rxd4 Bxd4 28. Re7 b5 29. axb5 cxb5 30. Bb3 Rf8 31. Rd7 Bb6 32. Rd5 g6 33. Rxb5 Kg7 34. Re5 Kf6 35. Rd5 Rd8 36. b5 Rxd5 37. Bxd5 Ke7 38. Kg2 f6 39. f4 f5 1/2-1/2

[Event "GRE-chT 49th"]
[Site "Thessaloniki"]
[Date "2022.08.15"]
[Round "5.1"]
[White "Kalamoukou, Giolanta"]
[Black "Kiousi, Panagiota"]
[Result "1-0"]
[WhiteElo "1365"]
[BlackElo "1878"]
[PlyCount "115"]
[EventDate "2022.08.12"]
[EventType "team-swiss"]
[EventRounds "7"]
[EventCountry "GRE"]
[SourceTitle "CBM 209 Extra"]
[Source "ChessBase"]
[SourceDate "2022.09.30"]
[SourceVersion "1"]
[SourceVersionDate "2022.09.30"]
[SourceQuality "1"]
[WhiteTeam "Kavalas"]
[BlackTeam "Eaao Fysiolatris Nikias"]
[WhiteTeamCountry "GRE"]
[BlackTeamCountry "GRE"]

1. d4 Nf6 2. Nf3 g6 3. c4 Bg7 4. Nc3 0-0 5. Bf4 d6 6. h3 Nbd7 7. e3 Re8 8. Be2 c6 9. 0-0 a6 10. b4 c5 11. bxc5 dxc5 12. Rc1 Nh5 13. Bh2 cxd4 14. Nd5 d3 15. Bc7 dxe2 16. Qxe2 e6 17. Bxd8 exd5 18. Ba5 d4 19. Qd2 b6 20. Bb4 a5 21. Ba3 dxe3 22. fxe3 Ng3 23. Rfe1 Nf6 24. Qd6 Nf5 25. Qxb6 Ra6 26. Qb5 Rae6 27. Qxa5 Nxe3 28. Bc5 Bh6 29. Kh1 Bb7 30. Bxe3 Bxe3 31. Rcd1 Bb6 32. Qb5 Ne4 33. Rxe4 Bxe4 34. Rd6 Bc7 35. Rxe6 Rxe6 36. Ng5 Rf6 37. Kg1 Bd3 38. Nf3 Re6 39. a4 Bb6+ 40. Kh2 Bc7+ 41. Kh1 Rb6 42. Qd5 Rb1+ 43. Ng1 Bf5 44. c5 h5 45. a5 Ra1 46. Qa8+ Kh7 47. a6 Bg3 48. Qb7 Bf2 49. a7 Bxg1 50. Qxf7+ Kh6 51. Qf8+ Kg5 52. a8Q Bxc5+ 53. Qxa1 Bxf8 54. h4+ Kf4 55. Qd4+ Kg3 56. Qe3+ Kxh4 57. Qf4+ Bg4 58. Kh2 1-0

[Event "EU-ch Amateur Online Final 1400/1700"]
[Site "Tornelo INT"]
[Date "2021.04.18"]
[Round "1"]
[White "Orlov, Georgy"]
[Black "Kalamoukou, Giolanta"]
[Result "1-0"]
[WhiteElo "1630"]
[BlackElo "1353"]
[PlyCount "61"]
[EventDate "2021.04.18"]
[EventType "swiss (rapid)"]
[EventRounds "9"]
[EventCountry "NET"]
[SourceTitle "EXT 2023"]
[Source "ChessBase"]
[SourceDate "2022.10.05"]
[SourceVersion "1"]
[SourceVersionDate "2022.10.05"]
[SourceQuality "1"]

1. d4 Nf6 2. c4 e6 3. Nf3 Bb4+ 4. Nbd2 b6 5. g3 Bb7 6. Bg2 0-0 7. 0-0 a5 8. a3 Bxd2 9. Bxd2 d6 10. Rc1 Nbd7 11. Qb3 e5 12. Rfd1 e4 13. Nh4 Ng4 14. h3 Ngf6 15. Nf5 d5 16. c5 Ba6 17. Bf1 Bc4 18. Rxc4 dxc4 19. Qxc4 bxc5 20. dxc5 Qe8 21. Bf4 Ne5 22. Qd4 Nc6 23. Qc3 Qe6 24. Ne3 Rac8 25. g4 Rfd8 26. Rxd8+ Nxd8 27. Qxa5 Nc6 28. Qc3 Nd5 29. Nxd5 Qxd5 30. e3 f6 31. Bc4 1-0

[Event "GRE-chT Online Rapid (Women) 1st"]
[Site "Tornelo INT"]
[Date "2021.02.21"]
[Round "7.5"]
[White "Pagali, Marianna"]
[Black "Kalamoukou, Giolanta"]
[Result "0-1"]
[WhiteElo "1742"]
[BlackElo "1353"]
[PlyCount "104"]
[EventDate "2021.02.20"]
[EventType "team-swiss (rapid)"]
[EventRounds "9"]
[EventCountry "GRE"]
[SourceTitle "EXT 2023"]
[Source "ChessBase"]
[SourceDate "2022.10.05"]
[SourceVersion "1"]
[SourceVersionDate "2022.10.05"]
[SourceQuality "1"]

1. d4 Nf6 2. c4 e6 3. Nf3 Bb4+ 4. Bd2 Qe7 5. g3 0-0 6. Bg2 Bxd2+ 7. Nfxd2 d6 8. 0-0 c5 9. dxc5 dxc5 10. Nc3 Rd8 11. Qc2 Qc7 12. Nf3 Nc6 13. Rfd1 Nd4 14. Nxd4 cxd4 15. Ne4 Nxe4 16. Bxe4 h6 17. Qb3 Rb8 18. Rac1 Qe5 19. Bf3 b6 20. c5 bxc5 21. Qc2 Bb7 22. Bxb7 Rxb7 23. b3 Rd5 24. Rd3 Qc7 25. a3 Qb6 26. e3 dxe3 27. Rxe3 Rbd7 28. Re2 Qa5 29. a4 Qb4 30. Qc3 Rd1+ 31. Kg2 Rxc1 32. Qxc1 Qxb3 33. Qxc5 Qxa4 34. Qe5 Qd4 35. Qxd4 Rxd4 36. Ra2 Rd7 37. Ra6 Kf8 38. h4 Ke8 39. g4 Kd8 40. g5 hxg5 41. hxg5 Kc8 42. f4 Kb7 43. Ra5 Kb6 44. Ra2 Rd5 45. Kf3 a5 46. Ke4 Rb5 47. Rd2 a4 48. Rd7 a3 49. Rd6+ Kc5 50. Ra6 Kb4 51. g6 fxg6 52. Rxe6 a2 0-1

[Event "GRE-ch Online Blitz (Women) 1st"]
[Site "Tornelo INT"]
[Date "2021.02.07"]
[Round "3"]
[White "Gkoutzouki, Aikaterini Argyro"]
[Black "Kalamoukou, Giolanta"]
[Result "1-0"]
[WhiteElo "1386"]
[BlackElo "1150"]
[PlyCount "49"]
[EventDate "2021.02.07"]
[EventType "swiss (blitz)"]
[EventRounds "16"]
[EventCountry "GRE"]
[SourceTitle "EXT 2023"]
[Source "ChessBase"]
[SourceDate "2022.10.05"]
[SourceVersion "1"]
[SourceVersionDate "2022.10.05"]
[SourceQuality "1"]

1. d4 Nf6 2. Nf3 e6 3. g3 d5 4. Bg2 c5 5. 0-0 b6 6. c4 Be7 7. cxd5 Nxd5 8. Nc3 Bb7 9. Nxd5 Bxd5 10. Re1 0-0 11. Bf4 Nc6 12. e4 Bc4 13. b3 Ba6 14. d5 exd5 15. exd5 Nb4 16. d6 Bf6 17. Ne5 Bxe5 18. Bxe5 Nd3 19. Bxa8 Nxe1 20. Qxe1 Qxa8 21. Rd1 Rd8 22. d7 Qb7 23. Qd2 Bb5 24. Qg5 Rxd7 25. Qxg7# 1-0